000 00636nam a2200241Ia 4500
003 OSt
005 20220925215424.0
006 a|||||r|||| 00| 0
007 ta
008 220923b |||||||| |||| 00| 0 eng d
037 _cGeneral Book
040 _aRTL
_cRTL
_beng
041 _2eng
_aeng
082 _aX9:75.3.N75t, L6/GD
110 _aGreat Britain
245 0 _aGas and electicity prices
260 _aLondon
_bHMSO UK
_c1976
300 _axCv, 452p.
_ccm.
650 _aIndustrial Economy
700 _aGreat Britain
942 _hX9:75.3.N75t, L6/GD
_cGB
_2CC
999 _c568761
_d568761